000 00776nam a2200229 a 4500
999 _c3517
_d3517
001 3517
003 BD-JhCC
005 20211123134021.0
008 171002s20092005bg |||| ||a| 000 0 ben d
035 _a(BD-JhCC)
040 _aBD-JhCC
_dBD-JhCC
041 _aben
082 _a891.443
_bBID 2009
100 _aবিদ্যাসাগর, ঈশ্বরচন্দ্র
245 _aশকুন্তলা /
_cঈশ্বরচন্দ্র বিদ্যাসাগর
260 _aঢাকা:
_bঅ্যাডর্ন পাবলিকেশন,
_c২০০৯
300 _a63 p.;
_c22 cm
490 _aসাহিত্যকীর্তি গ্রন্থমালা ১
650 _aBengali novel
942 _2ddc
_cBK
_011